[Event "Titled Tuesday intern op 20th July"]
[Site "Chess.com INT"]
[Date "2021.07.20"]
[Round "2"]
[White "Oliveira, Silvio Eduardo"]
[Black "Djaparov, Medet"]
[Result "1-0"]
[WhiteElo "2321"]
[BlackElo "1667"]
[PlyCount "155"]
[EventDate "2021.07.20"]
[EventType "swiss (blitz)"]
[EventRounds "11"]
[EventCountry "USA"]
[SourceTitle "CBM 203 Extra"]
[Source "ChessBase"]
[SourceDate "2021.09.30"]
[SourceVersion "1"]
[SourceVersionDate "2021.09.30"]
[SourceQuality "1"]

1. e4 e5 2. Nf3 Nc6 3. Bb5 a6 4. Ba4 Nf6 5. 0-0 b5 6. Bb3 Be7 7. Re1 0-0 8. a4 b4 9. d4 d6 10. dxe5 Nxe5 11. Nxe5 dxe5 12. Qf3 Bb7 13. Nd2 Nd7 14. a5 Nc5 15. Bc4 Kh8 16. Qe2 Qd4 17. Nf3 Qxe4 18. Qxe4 Nxe4 19. Nxe5 Nd6 20. Bb3 Bf6 21. Bf4 Rad8 22. Rad1 g5 23. Bg3 Kg7 24. Nd3 Nb5 25. Ba4 Rfe8 26. Rxe8 Rxe8 27. Bxb5 axb5 28. Bxc7 Re2 29. Nxb4 Bxb2 30. Kf1 Re4 31. a6 Ba8 32. Bd6 Bc3 33. Na2 Bf6 34. f3 Ra4 35. Nb4 Bc3 36. Nd5 Bxd5 37. Rxd5 Kg6 38. Rxb5 Rxa6 39. Bb4 Ra1+ 40. Kf2 Rb1 41. Rb6+ f6 42. Bc5 Rc1 43. Kg3 Rxc2 44. Kh3 Be1 45. Be7 Bc3 46. g3 Re2 47. Rb7 h5 48. Bf8 f5 49. Rb6+ Kf7 50. Bd6 g4+ 51. fxg4 fxg4+ 52. Kh4 Rxh2+ 53. Kg5 Bd2+ 54. Kf5 Rf2+ 55. Ke4 Bg5 56. Be5 Re2+ 57. Kf5 Be7 58. Rb7 Rf2+ 59. Ke4 Ke6 60. Bf4 Bf6 61. Rb5 Re2+ 62. Kd3 Ra2 63. Rxh5 Ra3+ 64. Ke4 Ra4+ 65. Kd3 Ra3+ 66. Ke2 Ra2+ 67. Ke3 Ra3+ 68. Kd2 Bd4 69. Rg5 Ra2+ 70. Kd3 Bf6 71. Rxg4 Ra8 72. Rg6 Kf5 73. Rh6 Rd8+ 74. Ke2 Re8+ 75. Kf3 Rc8 76. g4+ Ke6 77. g5 Rc3+ 78. Kg4 1-0

[Event "Titled Tuesday intern op 20th July"]
[Site "Chess.com INT"]
[Date "2021.07.20"]
[Round "10"]
[White "Oliveira, Silvio Eduardo"]
[Black "Tsaruk, Maksim"]
[Result "0-1"]
[WhiteElo "2321"]
[BlackElo "2324"]
[PlyCount "92"]
[EventDate "2021.07.20"]
[EventType "swiss (blitz)"]
[EventRounds "11"]
[EventCountry "USA"]
[SourceTitle "CBM 203 Extra"]
[Source "ChessBase"]
[SourceDate "2021.09.30"]
[SourceVersion "1"]
[SourceVersionDate "2021.09.30"]
[SourceQuality "1"]

1. e4 e6 2. d4 d5 3. Nc3 Bb4 4. exd5 exd5 5. Bd3 Ne7 6. Nf3 Nbc6 7. 0-0 Bxc3 8. bxc3 Bf5 9. Rb1 b6 10. Re1 Qd7 11. Ba3 Bxd3 12. Qxd3 0-0 13. Ng5 g6 14. Qf3 f6 15. Ne6 Rf7 16. Nf4 g5 17. Nh5 Qf5 18. Bxe7 Nxe7 19. Nxf6+ Rxf6 20. Rxe7 Qxf3 21. gxf3 Rc6 22. Rbe1 Rf8 23. R1e5 h6 24. Rxd5 Rf7 25. Re3 Kg7 26. Kg2 Rc4 27. h4 Ra4 28. hxg5 Rxa2 29. gxh6+ Kxh6 30. f4 Rxc2 31. Rg3 Rxf4 32. Rd8 Rfxf2+ 33. Kh3 Rh2+ 34. Kg4 Rhg2 35. Rh8+ Kg7 36. Rhh3 Rxg3+ 37. Rxg3 Kf7 38. Kf5 a5 39. d5 a4 40. Ke5 a3 41. c4 a2 42. Ra3 Ke7 43. Ra7 Kd7 44. d6 Rxc4 45. dxc7 Rc5+ 46. Kd4 Ra5 0-1

[Event "Titled Tuesday intern op 20th July"]
[Site "Chess.com INT"]
[Date "2021.07.20"]
[Round "4"]
[White "Tarigan, Gilbert Elroy"]
[Black "Oliveira, Silvio Eduardo"]
[Result "0-1"]
[WhiteElo "2149"]
[BlackElo "2321"]
[PlyCount "64"]
[EventDate "2021.07.20"]
[EventType "swiss (blitz)"]
[EventRounds "11"]
[EventCountry "USA"]
[SourceTitle "CBM 203 Extra"]
[Source "ChessBase"]
[SourceDate "2021.09.30"]
[SourceVersion "1"]
[SourceVersionDate "2021.09.30"]
[SourceQuality "1"]

1. e4 e5 2. Nc3 Nf6 3. Nf3 Nc6 4. Bb5 Nd4 5. Bc4 Bc5 6. 0-0 d6 7. h3 0-0 8. d3 a5 9. a3 c6 10. Ba2 h6 11. Be3 Ba7 12. Bxd4 exd4 13. Ne2 d5 14. exd5 Nxd5 15. Nexd4 Nf4 16. Ne2 Nxh3+ 17. gxh3 Bxh3 18. Nf4 Bg4 19. Ng6 Qf6 20. Nge5 Bh5 21. Kg2 Rfe8 22. d4 Rxe5 23. dxe5 Qf4 24. e6 fxe6 25. Bxe6+ Kh8 26. Rh1 Bg4 27. Bxg4 Qxg4+ 28. Kf1 Rf8 29. Qe2 Rxf3 30. Rh2 Qf4 31. Rg2 Rh3 32. Ke1 Rh1+ 0-1

[Event "Titled Tuesday intern op 13th July"]
[Site "Chess.com INT"]
[Date "2021.07.13"]
[Round "3"]
[White "Oliveira, Silvio Eduardo"]
[Black "Nasyrova, Ekaterina"]
[Result "0-1"]
[WhiteElo "2321"]
[BlackElo "2149"]
[PlyCount "128"]
[EventDate "2021.07.13"]
[EventType "swiss (blitz)"]
[EventRounds "11"]
[EventCountry "USA"]
[SourceTitle "CBM 203 Extra"]
[Source "ChessBase"]
[SourceDate "2021.09.30"]
[SourceVersion "1"]
[SourceVersionDate "2021.09.30"]
[SourceQuality "1"]

1. e4 e5 2. Nf3 Nc6 3. Bb5 Nf6 4. 0-0 Nxe4 5. Re1 Nd6 6. Nxe5 Be7 7. Bf1 Nf5 8. Nf3 0-0 9. d4 d5 10. Nc3 Bb4 11. h3 Be6 12. a3 Bxc3 13. bxc3 h6 14. Bf4 Qf6 15. Ne5 Nxe5 16. Bxe5 Qg6 17. Bd3 Rac8 18. g4 Qg5 19. f4 Qh4 20. Qf3 Ng3 21. f5 Ne4 22. fxe6 fxe6 23. Qe3 Ng5 24. Rf1 Nxh3+ 25. Kg2 Qxg4+ 26. Qg3 Qxg3+ 27. Kxg3 Ng5 28. Rxf8+ Kxf8 29. Rb1 b6 30. Bf4 c5 31. Bxg5 hxg5 32. Kg4 Ke7 33. Kxg5 c4 34. Bg6 Rf8 35. Rh1 Rf3 36. Rh7 Rg3+ 37. Kh5 Kf6 38. Kh4 Rxg6 39. Rh8 Rh6+ 40. Rxh6+ gxh6 41. Kh5 Kg7 42. a4 a5 43. Kh4 Kg6 44. Kg4 h5+ 45. Kh4 Kh6 46. Kh3 Kg5 47. Kg3 h4+ 48. Kh3 Kh5 49. Kh2 Kg4 50. Kg2 h3+ 51. Kf2 Kf4 52. Kg1 Ke3 53. Kh2 Kd2 54. Kxh3 Kxc3 55. Kg4 Kxd4 56. Kf4 e5+ 57. Kf5 e4 58. Ke6 e3 59. Kd6 e2 60. Kc6 e1Q 61. Kxb6 Qb4+ 62. Ka6 Qxa4 63. c3+ Kxc3 64. Ka7 Qb4 0-1

[Event "Titled Tuesday intern op 06th July"]
[Site "Chess.com INT"]
[Date "2021.07.06"]
[Round "3"]
[White "Andreikin, Dmitry"]
[Black "Oliveira, Silvio Eduardo"]
[Result "1-0"]
[WhiteElo "2724"]
[BlackElo "2321"]
[PlyCount "57"]
[EventDate "2021.07.06"]
[EventType "swiss (blitz)"]
[EventRounds "11"]
[EventCountry "USA"]
[SourceTitle "EXT 2022"]
[Source "ChessBase"]
[SourceDate "2021.10.06"]
[SourceVersion "1"]
[SourceVersionDate "2021.10.06"]
[SourceQuality "1"]

1. e4 e5 2. Nf3 Nc6 3. Bb5 Nf6 4. 0-0 Nxe4 5. d4 Nd6 6. Bxc6 dxc6 7. dxe5 Nf5 8. Qxd8+ Kxd8 9. Rd1+ Ke8 10. Nc3 Ne7 11. Nd4 Ng6 12. h3 Be7 13. Re1 h5 14. Ne4 h4 15. f4 a6 16. Be3 c5 17. Ne2 b6 18. c4 Nf8 19. N2c3 Bf5 20. Bf2 Ne6 21. Nd5 Rd8 22. Rad1 c6 23. Nxe7 Kxe7 24. Rxd8 Kxd8 25. Nd6 Rh5 26. Rd1 Kc7 27. Be3 Nd8 28. Ne8+ Kc8 29. Nxg7 1-0

[Event "Titled Tuesday intern op 06th July"]
[Site "Chess.com INT"]
[Date "2021.07.06"]
[Round "11"]
[White "Harsha, Bharathakoti"]
[Black "Oliveira, Silvio Eduardo"]
[Result "0-1"]
[WhiteElo "2509"]
[BlackElo "2321"]
[PlyCount "140"]
[EventDate "2021.07.06"]
[EventType "swiss (blitz)"]
[EventRounds "11"]
[EventCountry "USA"]
[SourceTitle "EXT 2022"]
[Source "ChessBase"]
[SourceDate "2021.10.06"]
[SourceVersion "1"]
[SourceVersionDate "2021.10.06"]
[SourceQuality "1"]

1. d4 Nf6 2. c4 e6 3. Nf3 d5 4. Nc3 Be7 5. g3 0-0 6. Bg2 dxc4 7. Ne5 c5 8. dxc5 Qxd1+ 9. Nxd1 Bxc5 10. 0-0 Nbd7 11. Nxc4 Nb6 12. Ne5 Bd4 13. Nd3 Nbd5 14. Bd2 a5 15. Rc1 a4 16. e4 Ne7 17. Nc3 Rd8 18. Rfd1 Nc6 19. Nb5 Bb6 20. Bc3 Ne8 21. Ne5 Nxe5 22. Rxd8 Bxd8 23. Bxe5 Bd7 24. Bf1 Bc6 25. f3 Bb6+ 26. Kg2 f6 27. Bc3 Rd8 28. Bc4 Kf7 29. Kf1 h5 30. Ke2 Nd6 31. Nxd6+ Rxd6 32. e5 Rd8 33. Rc2 h4 34. g4 Bg1 35. h3 Bh2 36. exf6 gxf6 37. Rd2 Rc8 38. Bd3 Bf4 39. Rd1 Bd5 40. a3 Bb3 41. Re1 Rd8 42. Be4 b5 43. Bd3 Bg3 44. Rg1 Bc4 45. Bxc4 bxc4 46. Rf1 e5 47. Bd2 Ke6 48. Rc1 Kd5 49. Be3 Rb8 50. Rc2 Rb3 51. Bd2 Rd3 52. Bc3 Bf4 53. Bb4 Rd4 54. Bc3 Rd3 55. Kf2 Be3+ 56. Ke2 Bd4 57. Bb4 Rb3 58. Bc3 Bxc3 59. bxc3 Rxa3 60. Kd2 Rb3 61. Ra2 a3 62. Kc2 Rb2+ 63. Rxb2 axb2 64. Kxb2 e4 65. f4 e3 66. Kc2 Ke4 67. g5 fxg5 68. fxg5 Kf5 69. Kd1 Kxg5 70. Ke2 Kf4 0-1

[Event "Titled Tuesday intern op 06th July"]
[Site "Chess.com INT"]
[Date "2021.07.06"]
[Round "6"]
[White "Oliveira, Silvio Eduardo"]
[Black "Gracia Alvarez, Gerardo Antonio"]
[Result "1-0"]
[WhiteElo "2321"]
[BlackElo "2292"]
[PlyCount "109"]
[EventDate "2021.07.06"]
[EventType "swiss (blitz)"]
[EventRounds "11"]
[EventCountry "USA"]
[SourceTitle "EXT 2022"]
[Source "ChessBase"]
[SourceDate "2021.10.06"]
[SourceVersion "1"]
[SourceVersionDate "2021.10.06"]
[SourceQuality "1"]

1. e4 c5 2. Nf3 Nc6 3. d4 cxd4 4. Nxd4 g6 5. c4 Nf6 6. Nc3 d6 7. f3 Nxd4 8. Qxd4 Bg7 9. Be3 0-0 10. Qd2 Be6 11. Rc1 Qa5 12. b3 Rfc8 13. Be2 Rab8 14. Nb5 Qxd2+ 15. Kxd2 a6 16. Nd4 Nd7 17. Nxe6 fxe6 18. h4 Bb2 19. Rc2 Ba3 20. h5 Bc5 21. hxg6 Bxe3+ 22. Kxe3 hxg6 23. f4 b5 24. Rhc1 b4 25. Rh1 Kg7 26. Bg4 Nc5 27. e5 dxe5 28. fxe5 Rd8 29. Rd1 Rxd1 30. Bxd1 Rd8 31. Be2 g5 32. g4 a5 33. Rc1 Kf7 34. Rf1+ Kg7 35. Rd1 Rh8 36. Kd4 Rc8 37. Rh1 a4 38. Rh5 axb3 39. Rxg5+ Kh6 40. Rh5+ Kg6 41. axb3 Nxb3+ 42. Kd3 Nc1+ 43. Kd2 Nxe2 44. Kxe2 Rxc4 45. Rh4 b3 46. Kd3 b2 47. Kxc4 b1Q 48. Rh2 Qe4+ 49. Kb3 Qd5+ 50. Ka3 Qxe5 51. Rc2 Qe3+ 52. Ka4 Kg5 53. Rc8 Qe4+ 54. Ka3 Kxg4 55. Rg8+ 1-0

[Event "Titled Tuesday intern op 06th July"]
[Site "Chess.com INT"]
[Date "2021.07.06"]
[Round "10"]
[White "Oliveira, Silvio Eduardo"]
[Black "Kukhmazov, Arsen"]
[Result "1-0"]
[WhiteElo "2321"]
[BlackElo "2466"]
[PlyCount "61"]
[EventDate "2021.07.06"]
[EventType "swiss (blitz)"]
[EventRounds "11"]
[EventCountry "USA"]
[SourceTitle "EXT 2022"]
[Source "ChessBase"]
[SourceDate "2021.10.06"]
[SourceVersion "1"]
[SourceVersionDate "2021.10.06"]
[SourceQuality "1"]

1. e4 c6 2. d4 d5 3. exd5 cxd5 4. Bd3 Nc6 5. c3 Qc7 6. Ne2 Bg4 7. 0-0 e6 8. Qe1 Nf6 9. Bg5 h6 10. Bf4 Bd6 11. Bxd6 Qxd6 12. f3 Bh5 13. f4 Ne7 14. Nd2 0-0 15. Ng3 Bg6 16. Bxg6 Nxg6 17. f5 exf5 18. Nxf5 Qd7 19. Nxh6+ gxh6 20. Rxf6 Rae8 21. Qf2 Qg4 22. Rf3 Re7 23. Nf1 Rfe8 24. Ne3 Qg5 25. Rg3 Qh5 26. Rf1 Kh7 27. Qf6 Qe2 28. Nxd5 Rd7 29. Nf4 Qe4 30. Nh5 Rg8 31. Qf2 1-0

[Event "Titled Tuesday intern op 29th June"]
[Site "Chess.com INT"]
[Date "2021.06.29"]
[Round "8"]
[White "Firat, Burak"]
[Black "Oliveira, Silvio Eduardo"]
[Result "0-1"]
[WhiteElo "2466"]
[BlackElo "2321"]
[PlyCount "84"]
[EventDate "2021.06.29"]
[EventType "swiss (blitz)"]
[EventRounds "11"]
[EventCountry "USA"]
[SourceTitle "CBM 203 Extra"]
[Source "ChessBase"]
[SourceDate "2021.09.30"]
[SourceVersion "1"]
[SourceVersionDate "2021.09.30"]
[SourceQuality "1"]

1. c4 e6 2. Nc3 d5 3. d4 Nf6 4. cxd5 exd5 5. Bg5 c6 6. e3 h6 7. Bh4 Be7 8. Bd3 0-0 9. Nf3 Re8 10. Qc2 Ne4 11. Bg3 Nxg3 12. hxg3 Bd6 13. 0-0-0 Na6 14. a3 Nc7 15. e4 dxe4 16. Bxe4 Be6 17. Ne5 Bxe5 18. dxe5 Qg5+ 19. f4 Qxg3 20. f5 Bd5 21. e6 fxe6 22. f6 Qg5+ 23. Kb1 Qxf6 24. Bh7+ Kh8 25. Rdf1 Qe7 26. Rh5 Rf8 27. Rfh1 Rf6 28. Ne4 Bxe4 29. Bxe4 Raf8 30. Ka2 Nd5 31. Qc4 Rf4 32. Qd3 Qf6 33. Bf3 a5 34. Qb3 b5 35. Rc1 a4 36. Qd3 b4 37. Rxc6 bxa3 38. Qxa3 Nb4+ 39. Ka1 Nxc6 40. Bxc6 Rf1+ 41. Ka2 Qg6 42. Qxf8+ Rxf8 0-1

[Event "Titled Tuesday intern op 29th June"]
[Site "Chess.com INT"]
[Date "2021.06.29"]
[Round "10"]
[White "Leiva Rodriguez, Jeammarco Giuseppe"]
[Black "Oliveira, Silvio Eduardo"]
[Result "1-0"]
[WhiteElo "2391"]
[BlackElo "2321"]
[PlyCount "97"]
[EventDate "2021.06.29"]
[EventType "swiss (blitz)"]
[EventRounds "11"]
[EventCountry "USA"]
[SourceTitle "CBM 203 Extra"]
[Source "ChessBase"]
[SourceDate "2021.09.30"]
[SourceVersion "1"]
[SourceVersionDate "2021.09.30"]
[SourceQuality "1"]

1. d4 Nf6 2. c4 e6 3. g3 d5 4. Nf3 Be7 5. Bg2 0-0 6. 0-0 dxc4 7. Qc2 a6 8. a4 Bd7 9. Qxc4 Bc6 10. Bg5 Nbd7 11. Nbd2 h6 12. Bxf6 Nxf6 13. Rfd1 a5 14. Rac1 Bxf3 15. Nxf3 c6 16. Ne5 Bd6 17. Nd3 Qe7 18. e4 Bc7 19. Qb3 Rab8 20. Nc5 Rfd8 21. Rd3 e5 22. dxe5 Bxe5 23. Rcd1 Rxd3 24. Nxd3 Bd4 25. e5 Ng4 26. Qc4 Rd8 27. Re1 Nxe5 28. Nxe5 Bxe5 29. Qe2 Re8 30. Qd2 Qb4 31. Qxb4 axb4 32. Re4 c5 33. a5 Re7 34. Kf1 Kf8 35. b3 Bc7 36. Rc4 Re5 37. f4 Rf5 38. Be4 Rh5 39. Kg2 Bxa5 40. g4 Rh4 41. Kg3 g5 42. Rxc5 Bd8 43. f5 h5 44. Bf3 hxg4 45. Bxg4 Be7 46. Rc8+ Kg7 47. h3 Bd6+ 48. Kf3 Rh8 49. f6+ 1-0

[Event "Titled Tuesday intern op 29th June"]
[Site "Chess.com INT"]
[Date "2021.06.29"]
[Round "7"]
[White "Matveeva, Olga"]
[Black "Oliveira, Silvio Eduardo"]
[Result "0-1"]
[WhiteElo "2145"]
[BlackElo "2321"]
[PlyCount "98"]
[EventDate "2021.06.29"]
[EventType "swiss (blitz)"]
[EventRounds "11"]
[EventCountry "USA"]
[SourceTitle "CBM 203 Extra"]
[Source "ChessBase"]
[SourceDate "2021.09.30"]
[SourceVersion "1"]
[SourceVersionDate "2021.09.30"]
[SourceQuality "1"]

1. d4 Nf6 2. c4 e6 3. g3 d5 4. Nf3 Be7 5. Bg2 0-0 6. 0-0 dxc4 7. Qc2 a6 8. a4 Bd7 9. Qxc4 Bc6 10. Bf4 Bd6 11. Ne5 Bxg2 12. Kxg2 Nbd7 13. Nc3 Nb6 14. Qd3 Nbd5 15. Bd2 Bxe5 16. dxe5 Nxc3 17. bxc3 Nd7 18. Qe3 Nb6 19. Rfd1 Nc4 20. Qf4 Qd5+ 21. f3 Nxe5 22. Be3 Qa5 23. Bd4 Ng6 24. Qg4 e5 25. Qh5 f5 26. Bf2 Rf7 27. c4 Re8 28. h4 e4 29. fxe4 Rxe4 30. Rd8+ Rf8 31. Rad1 Qe5 32. Rxf8+ Nxf8 33. Rd8 Rxe2 34. Qf3 Qe4 35. Qxe4 fxe4 36. Kf1 Rxf2+ 37. Kxf2 Kf7 38. Ke3 Ne6 39. Rd7+ Ke8 40. Rd1 Nc5 41. Rd5 b6 42. a5 Ke7 43. Kd4 Nb3+ 44. Kxe4 Nxa5 45. Kd3 Nc6 46. c5 Nb4+ 47. Kc4 Nxd5 48. Kxd5 bxc5 49. Kxc5 a5 0-1

[Event "Titled Tuesday intern op 29th June"]
[Site "Chess.com INT"]
[Date "2021.06.29"]
[Round "4"]
[White "Oliveira, Silvio Eduardo"]
[Black "Karavaeva, Olga"]
[Result "1-0"]
[WhiteElo "2321"]
[BlackElo "2260"]
[PlyCount "119"]
[EventDate "2021.06.29"]
[EventType "swiss (blitz)"]
[EventRounds "11"]
[EventCountry "USA"]
[SourceTitle "CBM 203 Extra"]
[Source "ChessBase"]
[SourceDate "2021.09.30"]
[SourceVersion "1"]
[SourceVersionDate "2021.09.30"]
[SourceQuality "1"]

1. e4 c5 2. Nf3 e6 3. d4 cxd4 4. Nxd4 Nf6 5. Nc3 Nc6 6. Nxc6 bxc6 7. e5 Nd5 8. Ne4 Qa5+ 9. c3 Be7 10. Bd3 Ba6 11. 0-0 Bxd3 12. Qxd3 f5 13. exf6 Nxf6 14. Rd1 d5 15. Ng5 e5 16. Qg3 Bd6 17. Ne6 g6 18. Qh4 Ke7 19. Ng5 Qc7 20. Be3 h6 21. Nf3 g5 22. Qg3 e4 23. Bc5 exf3 24. Re1+ Kd7 25. Qxf3 Raf8 26. Qf5+ Kd8 27. Bxd6 Qxd6 28. Re6 Qd7 29. Rae1 Ne4 30. Qe5 Kc8 31. f3 Re8 32. Rxe8+ Rxe8 33. Qd4 c5 34. Qd3 Nf6 35. Qa6+ Kb8 36. Rd1 Re6 37. Qa5 Qc7 38. Qb5+ Qb6 39. Qd3 Qc6 40. Qf5 Kb7 41. c4 dxc4 42. h3 Rd6 43. Re1 Nd5 44. Qh7+ Kb6 45. Qh8 Nf4 46. Qb8+ Qb7 47. Qxd6+ Qc6 48. Qxc6+ Kxc6 49. Rd1 a5 50. Rd2 Kb5 51. Kf2 a4 52. g3 Nd3+ 53. Ke3 a3 54. bxa3 Ka4 55. Rxd3 cxd3 56. Kxd3 Kxa3 57. Kc4 Kxa2 58. f4 Kb2 59. fxg5 hxg5 60. h4 1-0